| 000 | 00350nam a2200097Ia 4500 | ||
|---|---|---|---|
| 008 | 180412s9999||||xx |||||||||||||| ||und|| | ||
| 040 | _aAhmadu Bello University Library - Zaria | ||
| 245 | 0 |
_aBibliography on Soil Air and Plant Growth, 1971-1966 _cCOMMONWEALTH BUREAU OF SOILS. |
|
| 260 | _c1972 | ||
| 300 | _app.24. | ||
| 500 | _aBibliography on soil air and plant growth, 1971-1966. | ||
| 999 |
_c5027 _d5027 |
||